| 000 | 00568nam a2200205 u 4500 | ||
|---|---|---|---|
| 005 | 20250826063930.0 | ||
| 008 | 080924s2000 r 000 0 eng d | ||
| 020 | _a8493132004 | ||
| 035 | _aUPN01000160607 | ||
| 049 | _aCG | ||
| 050 | 4 |
_aNA680 _bP3.3 |
|
| 100 | 1 | _aParicio, Ignacio | |
| 245 | 1 | 0 |
_aConstrucciones para iniciar un siglo / _cIgnacio Paricio. |
| 260 |
_aBarcelona, Esp. : _bBisagra, _c2000. |
||
| 300 |
_a83 p. : _bil. |
||
| 440 | 0 |
_aEnsayo ; _v8 |
|
| 650 | 4 |
_aARQUITECTURA MODERNA - _ySIGLO XX _92350 |
|
| 650 | 2 |
_aEdificios _914642 |
|
| 905 | _aLibro | ||
| 999 |
_c132720 _d132720 |
||